Les 15 pays européens ayant l'économie la plus verte - Statistiques

Statistiques générales
  • Ce quiz a été pris 347 fois
  • Le résultat moyen est 11 sur 15
Statistiques - réponses
CO2 Pays % Correct
82 Suède
96%
141 Norvège
95%
102 France
94%
135 Espagne
90%
94 Danemark
87%
130 Italie
87%
67 Suisse
87%
136 Portugal
84%
85 Irlande
81%
117 Royaume-Uni
80%
137 Luxembourg
65%
142 Lettonie
55%
136 Roumanie
55%
48 Malte
52%
142 Albanie
37%
Aucun quiz correspondant
Distribution des résultats
% des personnes avec chaque résultat
Percentile par nombre de réponses
Votre historique - résultats
Vous n’avez pas pris ce quiz